Análisis y diseño estructurado y orientado a objetos de sistemas informáticos

Uloženo v:
Podrobná bibliografie
Hlavní autoři: Amescua Seco, Antonio de (Autor), Cuadrado Gallego, Juan José (Autor), Ernica, Emilio (Autor), García Guzmán, Javier (Autor), García Sánchez, Luis (Autor), Martínez Fernández, Paloma (Autor), Sánchez Segura, María Isabel (Autor)
Médium: Kniha
Jazyk:španělština
Vydáno: Madrid McGraw-Hill Interamericana 2003
Vydání:5a. ed
Témata:
Tagy: Přidat tag
Žádné tagy, Buďte první, kdo vytvoří štítek k tomuto záznamu!

MARC

LEADER 00000nam a2200000 a 4500
001 UCK5184
003 CL-VaPUC
008 050715e20030000SP |||||||||||||||||spa|d
020 |a 8448139240 
082 0 4 |a 005.117  |b AME  |2 21 
100 0 |a Amescua Seco, Antonio de  |e author  |9 493871 
700 0 |a Cuadrado Gallego, Juan José  |e author  |9 493872 
700 0 |a Ernica, Emilio  |e author  |9 493873 
700 0 |a García Guzmán, Javier  |e author  |9 493874 
700 0 |a García Sánchez, Luis  |e author  |9 493875 
700 0 |a Martínez Fernández, Paloma  |e author  |9 493876 
700 0 |a Sánchez Segura, María Isabel  |e author  |9 493877 
245 1 0 |a Análisis y diseño estructurado y orientado a objetos de sistemas informáticos 
250 |a 5a. ed 
300 |a 147 p 
942 |c BK 
945 |d 20050715 00:00:00  |a cmena 
260 |a Madrid  |b McGraw-Hill Interamericana  |c 2003 
650 0 |a Programación de computadores   |9 259531 
650 0 |a Diseño de software  |9 451623 
650 0 |a Programación orientada al objeto  |9 387863 
650 0 |a Lenguajes de programación   |9 259458 
650 0 |a Software  |9 387312 
583 |a last modification  |c 20050715 00:00:00  |k Rodrigo Vera 
999 |c 313818  |d 313816 
952 |0 0  |1 0  |4 0  |6 005_117000000000000_AME_2003  |7 0  |8 A  |9 385443  |a BIBING  |b BIBING  |d 2019-11-22  |i 4146816  |o 005.117 AME 2003  |p 4146816  |r 2025-01-20  |w 2019-11-22  |y BK  |k EII